Undertale & Deltarune Boss Themes - Statistics

General Stats
  • This quiz has been taken 305 times
    133 since last reset
  • The average score is 40 of 53
Answer Stats
Boss Track % Correct
Sans Megalovania
96%
Battle Theme (Standard) Rude Buster
94%
Spamton NEO Big Shot
93%
Papyrus Bonetrousle
93%
Hammer of Justice (Gerson) Hammer of Justice
90%
Muffet Spider Dance
90%
Asgore ASGORE
89%
Asriel Dreemurr Hopes and Dreams
89%
Jevil THE WORLD REVOLVING
89%
Undyne the Undying Battle Against A True Hero
88%
Toriel Heartache
88%
Tenna It's TV Time!
88%
Undyne Spear of Justice
87%
Queen Attack of the Killer Queen
85%
Mettaton EX Death by Glamour
85%
Mettaton Metal Crusher
85%
Flowey Your Best Nightmare
85%
Roaring Knight Black Knife
84%
Napstablook Ghost Fight
83%
King Chaos King
82%
Spamton NOW"S YOUR CHANCE TO BE A
80%
Battle Theme (TV Time) Ruder Buster
80%
Berdly Smart Race
80%
Mad Dummy Dummy!
79%
Rouxls Kaard It's Pronounced "Rules"
79%
Lancer and Susie Vs. Lancer
79%
Finale
78%
Mettaton NEO Power of NEO
78%
SAVE the World
78%
Titan GUARDIAN
76%
Lancer Vs. Susie
76%
K. Round Checker Dance
73%
Greater Dog Dogsong
73%
Watercooler Vapor Buster
72%
Jackenstein A DARK ZONE
71%
Amalgamates Amalgam
70%
Battle Theme (Standard) Enemy Approaching
70%
Battle Theme (Dark Sanctuary) From Now On (Battle 2)
70%
His Theme
70%
Nyeh Heh Heh!
70%
Battle Theme (Queen's Mansion) Pandora Palace
69%
Need a hand!?
67%
Titan Spawn SPAWN
67%
Shadow Mantle Holder BURNING EYES
66%
Mike Catswing
66%
Battle Theme (CORE) CORE
65%
Burn in Despair!
62%
GIGA Queen Knock You Down !!
61%
Battle Theme (Hard Mode) Stronger Monsters
57%
Mad Mew Mew Mad Mew Mew
56%
So Sorry Wrong Enemy!?
53%
Sweet Cap'n Cakes Cyber Battle (Solo)
50%
Sound of Justice Ripple
41%
No matching quizzes found
Score Distribution
Percent of People with Each Score
Percentile by Number Answered
Your Score History
You have not taken this quiz since the last reset